000
00386nam a22001217a 4500
040
_c
RUA
082
_a
BAS នុត 2021 A126 Or.
100
_a
នុត សាឡន
245
_a
Basic of computer, មូលដ្ឋានគ្រីះនៃកុំព្យូទ័រ
260
_a
RUA
_b
Phnome Penh
_c
2021
300
_a
viii,
_b
ill,
_c
29cm,
942
_c
សៀវភៅគោល
999
_c
25429
_d
25429